00611nam a2200169 a 450000100100000000500170001000800410002704000250006808200160009311000650010924500290017426000370020330000190024049000330025950001160029283000330040800002876620200930055126.0110412s1988 dr 000 0 spa d aDO-SdBNPbspacBNPHU axxxbC3978t2 aCentro Nacional de Investigaciones en Salud Materno Infantil10aTuberculosis en niños. aSanto Domingo :bCENISMI,c1988. a7 p. ;c27 cm.1 aReuniones técnicas ;vv. 5 aCoordinada por el Servicio de Alergia e Inmunología del Hospital de Niños Robert Reid Cabral, Santo Domingo 0aReuniones técnicas ;vv. 5